Top 50 NFL All-Time Players with a SB ring - Statistics

General Stats
  • This quiz has been taken 77 times
    49 since last reset
  • The average score is 27 of 50
Answer Stats
Team won with Answer % Correct
Colts/Broncos Peyton Manning
100%
Patriots/Buccaneers Tom Brady
100%
Packers Aaron Rodgers
95%
Packers Brett Favre
93%
49ers Jerry Rice
93%
49ers Joe Montana
93%
Saints Drew Brees
91%
Giants Lawrence Taylor
89%
Bears Walter Payton
86%
Ravens Ray Lewis
84%
Cowboys Emmitt Smith
82%
Patriots/Buccaneers Rob Gronkowski
82%
49ers/Cowboys Deion Sanders
77%
Broncos John Elway
77%
49ers Steve Young
77%
Ravens Ed Reed
75%
Cowboys Roger Staubach
73%
Colts Marvin Harrison
68%
Colts Johnny Unitas
66%
Steelers Terry Bradshaw
66%
Redskins Darrell Green
64%
Steelers Joe Greene
64%
Cowboys Larry Allen
55%
Cowboys Randy White
52%
Packers Reggie White
52%
Rams Marshall Faulk
48%
49ers Ronnie Lott
48%
Steelers Troy Polamalu
48%
Rams Aaron Donald
43%
Steelers Jerome Bettis
43%
Rams Isaac Bruce
41%
Dolphins Larry Csonka
41%
Steelers Rod Woodson
41%
Steelers Jack Lambert
36%
Steelers Jack Ham
34%
Steelers Mel Blount
34%
Cowboys Tony Dorsett
32%
Cowboys Bob Lilly
27%
Buccaneers Derrick Brooks
25%
Ravens Jonathan Ogden
25%
Patriots Adam Vinatieri
23%
Raiders Art Shell
20%
Raiders Gene Upshaw
20%
Packers Forrest Gregg
18%
Packers Ray Nitschke
18%
Raiders Ted Hendricks
16%
Colts John Mackey
14%
Chiefs Willie Lanier
14%
Raiders Mike Haynes
9%
Raiders Ray Guy
7%
No matching quizzes found
Score Distribution
Percent of People with Each Score
Percentile by Number Answered
Your Score History
You have not taken this quiz since the last reset